01276nam a2200325Ia 450000500170000000800410001702000180005810000270007624500720010325000360017530000500021149000450026153400180030665000560032465000570038065000380043765000370047565000430051270000270055570000250058294200150060726400490062233600270067133700330069833800280073104000350075908400110079499900150080595201300082020220317001403.0161108s2014 mx a g 000 0 spa  a97860716054361 aBrowne, Anthonyd1946-10aCosas que me gustancAnthony Browne ; traducción de Carmen Esteva a2a. ediciónb2a reimpresión a[18] páginasbilustraciones en colorc18 cm aLos especiales de A la orilla del viento tThings i like142LEMB aCuentos infantiles estadounidensesySiglo XX142LEMB aLiteratura infantil estadounidense ySiglo XX142LEMB aSueños en la literatura 142LEMB aGorilas en la literatura 142LEMB aLibros ilustrados para niños 1 aBrowne, Anthony9719521 aEsteva, Carmen94749 2loccBKLIT aMéxicobFondo de Cultura Económicac2014 atextobtxt2rdacontent asin mediaciónbn2rdamedia avolumenbnc2rdacarrier aCO-BoRNBPbspaerdacCO-BoRNBP aA BRO1 c6814d6814 00102ddc40708INFaMEDORADObMEDORADOcSInfd2026-02-17l0oA BRO1pDOR03293r2026-02-17 20:34:32tEj.1w2026-02-17yBKLIT